Word Ladder: Homophones Sics Quiz Stats

 Plays Quiz Updated Mar 28, 2018

Challenge
Share
Tweet
Embed
Score 0/20 Timer 04:00
0 Plays Today
Clue 3-Letter Homophone % Correct
Vast expanse of salt waterSEE
91.4%
Actress, Janet _____ or Jennifer Jason _____LEE
88.1%
False statementLYE
87.6%
The letter that's missing from 'team'AYE
86.3%
Sight organAYE
86.3%
The loneliest numberWON
82.6%
French film festival siteCAN
69.6%
Actress, ____ DunawayFEY
66%
Horse command for stop or slow downWOE
65.2%
Anchored navigation floatBOY
63.6%
Clue 3-Letter Homophone % Correct
For what reasonWYE
61.4%
Colorful ornamental carpCOY
60%
Evita's husband, ____ PerĂ³nWAN
55.9%
Broad inlet of that vast expanse of salt waterBEY
55.8%
Actor Danny ____ or bandleader Sammy ____CAY
53.3%
ThereforeSEW
52.4%
Exclamation of relief, as in '____! That was close!'FEW
50.4%
German novelist, Thomas ____MAN
46.5%
RaincoatsMAX
28.2%
Hits repeatedlyWAX
26.1%

Today's Daily Dose

You're not logged in!

Compare scores with friends on all Sporcle quizzes.
OR
Log In

You Might Also Like...

Show Comments

Extras

Top Quizzes Today


Score Distribution

Your Account Isn't Verified!

In order to create a playlist on Sporcle, you need to verify the email address you used during registration. Go to your Sporcle Settings to finish the process.

Report this User

Report this user for behavior that violates our Community Guidelines.

Details: